00418nam a2200145 i 4500001001100000003000500011005001700016008004100033040002500074245005300099264005100152336002100203337002500224338002300249C2-0251558PPAK20180729000215.0030917s my |||| ||||| | may d aPPAKbengcPPAKerda00aJejak Rasul : Disk5 bHud-hud/Janggut Rasulullah 1aKuala Lumpur : bGrand Brilliance Sdn.. Bhd. , 2rdacontentatext 2rdamediaaunmediated 2rdacarrieravolume